000
00358nam a2200145Ia 4500
008
231129s1997||||xx |||||||||||||| ||spa||
020
_a
958-04-4192-8
040
_b
spa
082
_a
823.914 S849r
100
_a
Stewart Paul
245
0
_a
El reloj siniestro
260
_c
1997
264
_a
Norma
942
_2
ddc
_c
BKS
999
_c
12292
_d
12292